Word Insertion Puzzle #2 - Statistics

General Stats
  • This quiz has been taken 143 times
  • The average score is 14 of 21
Answer Stats
Hint Explanation Answer % Correct
Par____ph Paragraph Agra
83%
Exh______g Exhausting Austin
79%
Exp____nce Experience Erie
78%
M_____ger Messenger Essen
76%
P____ha Piranha Iran
76%
Archipe_____ Archipelagos Lagos
75%
Con_____ Concrete Crete
74%
____gence Diligence Dili
71%
Mos_____ Mosquito Quito
71%
Ta____acle Tabernacle Bern
65%
Eg____iac Egomaniac Oman
64%
P____nade Promenade Rome
64%
Cl_____tine Clandestine Andes
63%
Tor_____g Torturing Turin
60%
Hy_____yroid Hyperthyroid Perth
59%
Va_____d Vagabond Gabon
58%
For____ty Formality Mali
58%
B____dier Brigadier Riga
58%
Com_____on Comparison Paris
56%
In____tion Incubation Cuba
53%
He______ Heathens Athens
49%
No matching quizzes found
Score Distribution
Percent of People with Each Score
Percentile by Number Answered
Your Score History
You have not taken this quiz